01024cam a22002771 4500001001300000003000400013005001700017007001500034008004100049010001700090035001900107040004300126042001200169050001900181245006600200260002300266300003400289500006200323500010100385500005200486530006900538600003400607700003700641856005100678999001700729e 15002031 DLC20260227111204.0cr_|||||||||||790915r18611828nyuc 000 0beng c ae 15002031  a(OCoLC)5377947 aU.S. Off. of Educ. LibrarycNcGrEdDLC apremarc00aLA2317.B13bS500aSketch of the life and educational labors of Ebenezer Bailey. a[New York?]c1861. a43 p.bfront. (port.)c22 cm. aRepublished from Barnard's American journal of education. aAppendix: Extracts from "Review of the Mayor's report." Printed 1828. Signed: Ebenezer Bailey. aNote, p. [5] signed: H. B. [i.e. Henry Barnard] aAlso available in digital form on the Internet Archive Web site.10aBailey, Ebenezer,d1795-1839.1 aBarnard, Henry,c1811-1900,eed.41uhttp://hdl.loc.gov/loc.gdc/scd0001.00217206418 c19874d19874